|
|
|
|
| LEADER |
00000cac a2200000 a 4500 |
| 001 |
4048 |
| 003 |
Ucuenca |
| 005 |
20230308154555.0 |
| 008 |
000000|1861 ||||||||r|||||||||||spa|| |
| 040 |
|
|
|b spa
|
| 041 |
0 |
|
|a spa
|
| 082 |
0 |
|
|a 861
|
| 100 |
1 |
|
|a Quintana, Manuel Josef
|d 1772-1857
|9 6020
|
| 245 |
|
|
|a Tesoro del parnaso español: poesías selectas castellanas
|c Manuel Josef Quintana
|h imp
|
| 264 |
|
|
|a París
|b Baudry, Librería Europea
|c 1861
|
| 300 |
|
|
|a 595 páginas:
|b ilu
|c 22 cm
|
| 490 |
|
|
|a Autores Españoles
|
| 650 |
1 |
0 |
|a Poesía española
|9 923
|
| 852 |
|
|
|a UC-CDJBV
|f Compra
|l 1
|m Limitada
|p 00000000
|q 10,00
|t 4048
|b 1
|d CDRC
|e CDRC
|g 861 ESTANTERIA CERRADA
|z 0000-00-00
|
| 942 |
|
|
|
| 999 |
|
|
|c 2350
|d 2350
|